000 00549nam a2200169Ia 4500
008 100917s9999 xx 000 0 und d
082 _b15206
100 _aओक वामन
245 _aनागपूरकर भोसल्यांची बखर
260 _b---
_c1807
365 _b0
520 _aइतिहास
630 _aनागपूरकर भोसल्यांची बखर
650 _aइतिहास
730 _aनागपूरकर भोसल्यांची बखर
942 _cBOOK
999 _c620600
_d620597